Сильвестров Н., священник. "Беседы о земной жизни, деяниях и учении Господа нашего Иисуса Христа". (Рукопись)

RUSMARC
00005161nac2a22003493x 450
001c41bce0f-4d37-43ce-ab81-63121195caa4
00520240723141532.0
100##$a20240716l1880 k y0rusy50 ca
1010#$arus
102##$aRU
105##$ay z |||||
1220#$ad18801231
2001#$aСильвестров Н., священник. "Беседы о земной жизни, деяниях и учении Господа нашего Иисуса Христа". (Рукопись)
$j1880
215##$a23 листа
$d34,2 х 24,4
251##$cДело
300##$aЗаголовок дела на папке: Рукопись священника Николая Сильвестрова "Беседы о земной жизни, деяниях и учении господа нашего Иисуса Христа"
300##$aРукописный и типографский текст
325##$aЗамикрофильмировано
330##$aВходит в раздел описи: Разные материалы
461#0$1001cda3d175-ae4a-411a-8dea-9cc20fb178f6
$12001
$aЛорис-Меликов Михаил Тариелович, граф, министр внутренних дел, главный начальник "верховной распорядительной комиссии по охранению государственного порядка и общественного спокойствия", генерал от кавалерии
$1251
$cФонд
$1852
$j569
462#0$1001163e060a-d7cc-404d-90ee-e28c9801971b
$12001
$aОпись дел фонда М. Т. Лорис-Меликова за 1858-1915 гг.
$vД. 272
$1251
$cОпись
$1852
$j1
5171#$aРукопись священника Николая Сильвестрова "Беседы о земной жизни, деяниях и учении господа нашего Иисуса Христа"
600#0$aИисус Христос
600#1$aСильвестров
$bН.
$cсвященик
$gНиколай
605##$3DITM\AF\0000002775
$aВласть
$lколлекция
$2acquisition_prlib
6101#$aУчение Иисуса Христа
686##$a63.3(2)535-332ю1
$cИстория
$2rubbk
686##$a67.400.6ю1
$cПраво
$2rubbk
700#1$aСильвестров
$bН.
$gНиколай
801#0$aRU
$bGA_RF
801#1$aRU
$bГлавНИВЦ
$c20240716
$2rusmarc
801#2$aRU
$bПБ им. Б.Н. Ельцина
$c20240723
$gRCR
$2rusmarc
852##$aГА РФ
$j272
937##$d193078721
$hГАРФ
035##$aRuPRLIB51076724
856##$uhttp://readingroom.main.prlib.ru/item.aspx?id_node=n193078721&mode=full
Формат отображения